Nižšie rastliny ako indikátory kontaminácie životného prostredia : Bakalárska práca

Na minha lista:
Detalhes bibliográficos
Autor principal: Bakošová, Martina (Author)
Outros Autores: Rusko, Miroslav, 1953- (xxx)
Formato: Manuscrito Livro
Idioma:eslovaco
Publicado em: Trnava : STU v Bratislave MtF KEBI, 2003
Assuntos:
Tags: Adicionar Tag
Sem tags, seja o primeiro a adicionar uma tag!

MARC

LEADER 00000ntm a22000003a 4500
001 stu84016
005 20160719154900.3
008 040216s2003----xo------------------slo-d
040 |a STU  |b slo 
041 0 |a slo 
044 |a xo 
100 1 |a Bakošová, Martina  |4 aut 
245 1 |a Nižšie rastliny ako indikátory kontaminácie životného prostredia :  |b Bakalárska práca 
260 |a Trnava :  |b STU v Bratislave MtF KEBI,  |c 2003 
300 |a 59 s  |c príl. 
650 7 |a inžinierstvo životného prostredia  |2 stusub 
700 1 |a Rusko, Miroslav,  |d 1953-  |4 xxx  |u M5000  |U MTF Materiálovotechnologická fakulta  |T MTF Ústav bezpečnosti, environmentu a kvality  |X 2796  |U M5000  |Y 85  |7 A000002796 
996 |b 284M054962  |c M*BP-362  |l MMSKP  |s P  |a 0  |w stu84016_0001